000 00403pab a2200145 454500
008 180718b1990 xxu||||| |||| 00| 0 eng d
100 _aDash, Prasanna Kumar
245 _aThe speaker of a state legislator in India
_bMy reminiscences
260 _c1990
300 _a3-7
362 _aMar.
650 _aLegislative Officers - India
773 _aJournal of Parliamentary Information
909 _a12893
999 _c12893
_d12893